[Event "Reykjavik zt playoff"]
[Site "Reykjavik"]
[Date "1995.??.??"]
[Round "?"]
[White "Cramling, Pia"]
[Black "Tisdall, Jonathan D"]
[Result "0-1"]
[WhiteElo "2520"]
[BlackElo "2470"]
[Annotator "Baburin,A"]
[PlyCount "134"]
[EventDate "1995.04.??"]
[EventType "tourn"]
[EventRounds "5"]
[EventCountry "ISL"]
[EventCategory "12"]
[SourceTitle "CBM 047"]
[Source "ChessBase"]
[SourceDate "1995.08.01"]
[SourceVersion "1"]
[SourceVersionDate "1995.08.01"]
[SourceQuality "1"]

1. d4 d5 2. Nf3 Nf6 3. c4 c6 4. Nc3 e6 5. Bg5 h6 6. Bxf6 Qxf6 7. e3 Nd7 8. Bd3
g6 9. O-O Bg7 10. cxd5 exd5 11. b4 {This is the same position as in the
previous game.} Qd6 12. Qb3 {Now or later Black would meet b4-b5 with c6-c5,
so White has either to control the c5-square or to have pressure on the
d5-pawn in order to play b4-b5.} Nb6 13. a4 Be6 14. Nd2 O-O 15. Rfc1 Nd7 16.
Ne2 Rfe8 17. Rab1 f5 18. Qc3 Rac8 19. Nb3 b6 20. a5 Rc7 21. Rc2 Bf7 22. Qd2 Nf6
23. Qc1 Ne4 24. Nc3 $6 (24. g3 $5) 24... Nxc3 25. Rxc3 f4 $1 {[#] Black begins
to attack on the King side while White has nothing special on the other flank
yet.} 26. axb6 axb6 27. Bb5 fxe3 28. fxe3 Re6 29. Be2 h5 30. Bf3 Bh6 31. Na1 g5
$1 32. g4 hxg4 33. Bxg4 Re4 34. Bf3 Rh4 35. Rb2 Be8 36. b5 g4 37. Rg2 Rg7 38.
Bd1 cxb5 39. Bb3 Bg6 40. Rc8+ Kh7 41. Bc2 Rh3 42. Re8 g3 43. Re5 Rxh2 44. Rxh2
gxh2+ 45. Kxh2 Be4 46. Bxe4+ dxe4 47. Qf1 Qg6 48. Qf5 Qxf5 49. Rxf5 Bxe3 50.
Nc2 Bd2 51. Rxb5 Rc7 52. Nb4 Rc4 53. Nd5 Rxd4 54. Kg2 Bg5 55. Nxb6 Kg6 56. Rd5
Rb4 57. Nd7 Bf4 58. Ne5+ Kf6 59. Nc6 Rb2+ 60. Kf1 e3 61. Nd4 Rf2+ 62. Ke1 Bg3
63. Kd1 Rd2+ 64. Kc1 Be5 65. Rxe5 Kxe5 66. Nf3+ Kf4 67. Nxd2 e2 0-1

[Event "Ptuj zt"]
[Site "Ptuj"]
[Date "1995.??.??"]
[Round "9"]
[White "Lutz, Christopher"]
[Black "Kortschnoj, Viktor Lvovich"]
[Result "1/2-1/2"]
[WhiteElo "2560"]
[BlackElo "2635"]
[Annotator "Baburin,A"]
[PlyCount "83"]
[EventDate "1995.04.??"]
[EventType "tourn"]
[EventRounds "15"]
[EventCountry "SLO"]
[EventCategory "10"]
[SourceTitle "CBM 047"]
[Source "ChessBase"]
[SourceDate "1995.08.01"]
[SourceVersion "1"]
[SourceVersionDate "1995.08.01"]
[SourceQuality "1"]

1. d4 Nf6 2. c4 e6 3. Nf3 d5 4. Nc3 c6 5. Bg5 h6 6. Bxf6 Qxf6 7. e3 Nd7 8. Bd3
g6 9. O-O Bg7 10. cxd5 exd5 11. b4 {This pawn formation is typical for the
Exchange Variation of the Q.G.D. White employs the plan called the "minority
attack". He wants to create a weakness on c6 after b4-b5xc6. This plan is
rather unpleasant for Black.} Nb6 {Usually Black's chances are in attack on
the K-side. However here his KB isn't well placed (d6 would be a better square
for the Bishop), so he has to prevent White's activity first. Black intends to
swap his QB.} 12. Rc1 Bg4 13. Be2 Bxf3 14. Bxf3 O-O (14... a6 $5 {In order to
exchange the a-pawn after b4-b5 and a6xb5, so Black would not be left with the
pawn on the a-file, which can be an additional target for White later on.}) 15.
b5 Qd6 16. Qd3 {White does not hurry with b5xc6 because Black cannot play
c6-c5 or c6xb5. It's important to note that Black cannot occupy the c4-square,
as the move Nb6-c4 will enable White to play e3-e4! using the shaky position
of the Knight.} Qa3 17. Rb1 Rfd8 18. Rb3 Qe7 19. bxc6 bxc6 20. Rd1 h5 21. g3 h4
22. Qa6 $1 Qe6 23. Bg2 hxg3 24. hxg3 Bf8 25. Na4 $16 Rdb8 26. Rdb1 Bd6 27. Nc5
Qc8 28. Qxc8+ Rxc8 {White has succeeded in creating a weakness on c6, Black
has to play carefully. In this game Korchnoi managed to defend Black's
position, which is quite upleasant. In fact Korchnoi has often employed the
minority attack himself.} 29. Nb7 $1 Be7 30. Na5 Rc7 31. Rc1 c5 32. dxc5 Rxc5
33. Rxc5 Bxc5 34. Nc6 Rc8 35. Nxa7 Ra8 36. Rb5 Rxa7 37. Rxc5 Rxa2 38. Rb5 Ra1+
39. Kh2 Ra6 40. Rb1 Kg7 41. Bf1 Nc4 42. Bxc4 1/2-1/2

[Event "Mitropa Cup 35th"]
[Site "Prague"]
[Date "2016.06.25"]
[Round "7.2"]
[White "Kunin, Vitaly L"]
[Black "Michalik, Peter"]
[Result "1/2-1/2"]
[WhiteElo "2582"]
[BlackElo "2519"]
[Annotator "Baldauf,M"]
[PlyCount "82"]
[EventDate "2016.06.19"]
[EventType "team-tourn"]
[EventRounds "9"]
[EventCountry "CZE"]
[SourceTitle "CBM 173 Extra"]
[Source "ChessBase"]
[SourceDate "2016.08.29"]
[SourceVersion "1"]
[SourceVersionDate "2016.08.29"]
[SourceQuality "1"]
[WhiteTeam "Germany"]
[BlackTeam "Czech Republic"]
[WhiteTeamCountry "GER"]
[BlackTeamCountry "CZE"]

1. d4 d5 2. c4 c6 3. Nf3 Nf6 4. Nc3 e6 5. Qd3 dxc4 6. Qxc4 b5 7. Qd3 a6 8. Bg5
c5 9. a4 cxd4 10. Nxd4 b4 11. Ne4 Bb7 12. Bxf6 gxf6 13. Rd1 b3 14. Nxb3 Bb4+
15. Nc3 Qxd3 16. Rxd3 Nd7 17. Rd4 a5 18. e3 O-O-O 19. Bb5 Bxg2 20. Rg1 Bd5 {
Diagramm [#]} 21. Rxb4 $5 (21. Nd2 Bb7 22. Ke2 $14) 21... axb4 22. Nxd5 exd5
23. Rg4 Nf8 24. Rxb4 Ne6 25. Nd4 {Weiß hat ausgezeichnete Kompensation und
volle Kontrolle über den Damenflügel - Schwarz muss sich um Gegenspiel über
die g-Linie bemühen} Kc7 (25... Rhg8 $2 26. Ba6+ Kc7 27. Rb7+ Kd6 28. Nf5+ Ke5
29. Nh6 $16) 26. Bd3 Rhg8 27. Nb5+ (27. Kf1 $5) 27... Kc6 28. Rh4 Rg1+ 29. Ke2
Ra1 30. Rxh7 Rxa4 31. Rxf7 Rb4 32. Rxf6 Rxb2+ 33. Kf1 Kd7 34. Rf7+ Kc6 35. Rf6
Kd7 36. Rf7+ Kc6 37. Re7 Nc5 38. Nd4+ Kd6 39. Nf5+ Kc6 40. Nd4+ Kd6 41. Nf5+
Kc6 1/2-1/2

[Event "Interzonal-16"]
[Site "Biel"]
[Date "1993.??.??"]
[Round "13"]
[White "Bareev, Evgeny"]
[Black "Sveshnikov, Evgeny"]
[Result "1/2-1/2"]
[WhiteElo "2660"]
[BlackElo "2570"]
[Annotator "Bareev,E"]
[PlyCount "186"]
[EventDate "1993.07.16"]
[EventType "swiss"]
[EventRounds "13"]
[EventCountry "SUI"]
[SourceTitle "CBM 037"]
[Source "ChessBase"]
[SourceDate "1993.12.01"]
[SourceVersion "1"]
[SourceVersionDate "1993.12.01"]
[SourceQuality "1"]

1. d4 d5 2. c4 e6 3. Nf3 Nf6 4. Nc3 c6 5. Qb3 dxc4 6. Qxc4 b5 7. Qd3 Nbd7 8. e4
b4 9. Na4 Qa5 10. b3 Bb7 11. e5 $5 (11. Bg5) 11... Nd5 12. Ng5 $5 Be7 13. Qf3 (
13. Ne4 $5) 13... Bxg5 $1 14. Bxg5 N5b6 $10 15. Nxb6 axb6 16. Bd2 $1 (16. Bd3
Nxe5) 16... O-O (16... Nxe5 17. Qg3 Ng6 18. Qc7 Qa7 19. Bxb4 Rc8 20. Qg3 c5 $10
) 17. Bd3 Rfc8 (17... Nxe5 $2 18. dxe5 Qxe5+ 19. Qe4 Qxa1+ 20. Ke2 $18) 18. O-O
(18. Qe4 $5) 18... Ba6 $1 19. Bxa6 Rxa6 20. a3 (20. a4 c5 $10) (20. Rfc1 c5 21.
Qb7 Rd8 22. Bxb4 cxb4 23. Qxd7 Raa8 $10) 20... c5 21. d5 (21. Qb7 Rd8 22. Qc7
Raa8 23. Bg5 Rac8 24. axb4 Qxb4 25. Bxd8 Rxc7 26. Bxc7 h6 27. dxc5 Nxc5 $10)
21... b5 $1 (21... exd5 $2 22. Qg4 Ra7 23. Bh6 g6 24. e6 $18) (21... Nxe5 22.
Qe4 Ng6 23. dxe6 $16) 22. dxe6 fxe6 23. Rad1 (23. Rac1 Nxe5 24. Qe2 Qd8 $1) (
23. Qb7 Rc7 $8 24. axb4 Rxb7 25. bxa5 Nxe5 $10) 23... Qc7 24. axb4 c4 25. Bf4
$2 (25. bxc4 Nxe5 $10) 25... c3 26. Rd6 $6 (26. Qd3 c2 $17) 26... Rc6 $2 (26...
Nxe5 $1 27. Bxe5 Rxd6 28. Qg3 Rcd8 29. Bxc3 $17) 27. Qh3 $1 Nf8 28. Rc1 Qa7 (
28... c2 $1) 29. Rxc6 Rxc6 30. Qd3 Qa3 31. Qxb5 Rc8 32. Qd3 Qxb4 (32... Qxb3
33. b5 Ng6 34. Bd2 Nxe5 35. Rxc3) 33. Bd2 $1 $14 Qxb3 34. Rxc3 Qd1+ $1 (34...
Rxc3 35. Bxc3 $16) 35. Qf1 Qxf1+ 36. Kxf1 Rxc3 (36... Rd8 37. Be3 $14) 37. Bxc3
h5 38. Ke2 Ng6 39. Ke3 Ne7 40. Kd4 Kf7 41. Bd2 Nd5 42. f3 Ne7 43. g4 hxg4 $5 (
43... g6 $10) 44. fxg4 Nd5 45. Kc4 Ne7 46. Kd4 Nd5 47. Bg5 Nb4 48. Bf4 Nd5 49.
Bg5 Nb4 50. h3 Nd5 51. Bc1 Nb4 52. Bg5 Nd5 53. Kc4 Nb6+ 54. Kc5 Nd5 55. Kd4 Nb4
56. Bd2 Nd5 57. Kd3 Nb6 58. Ke4 Nd5 59. Kd4 Ne7 60. Kc5 Nd5 61. Kc6 Ne7+ 62.
Kd6 Nc8+ 63. Kc6 Ne7+ 64. Kc5 Nd5 65. h4 g6 $1 66. Kc6 Ne7+ 67. Kc7 Nd5+ 68.
Kb7 Ne7 69. Kc7 Nd5+ 70. Kc6 Ne7+ 71. Kc5 (71. Kd7 Nd5 72. h5 gxh5 73. gxh5 Ne7
74. h6 Nf5 75. h7 Kg7 76. Kxe6 Nh4 $10) 71... Nd5 72. Kb5 Ne7 73. Bg5 Nd5 74.
Kc4 Nc7 75. Kd4 Nd5 76. Bc1 Nb4 77. Ke4 Nd5 78. Bd2 Kg7 79. Kf3 Ne7 80. Kg3 Nd5
81. h5 gxh5 82. gxh5 Ne7 83. Kg4 Nf5 84. Bc1 (84. Kg5 Nh6 $10) 84... Nd4 85.
Ba3 Kh7 86. Bb2 Nf5 87. Bc1 Kg7 88. Bd2 Nd4 89. Bb4 Nc6 $1 90. Bc3 Nd8 91. Bd2
Nf7 92. Bf4 Kh7 93. Kf3 Kg7 1/2-1/2

[Event "Minsk International"]
[Site "Minsk"]
[Date "1982.05.07"]
[Round "1"]
[White "Psakhis, Lev"]
[Black "Dolmatov, Sergey"]
[Result "1-0"]
[WhiteElo "2545"]
[BlackElo "2590"]
[Annotator "Belov,I"]
[PlyCount "73"]
[EventDate "1982.05.07"]
[EventType "tourn"]
[EventRounds "15"]
[EventCountry "URS"]
[EventCategory "11"]
[SourceTitle "MCL"]
[Source "ChessBase"]
[SourceDate "1999.07.01"]
[SourceVersion "1"]
[SourceVersionDate "1999.07.01"]
[SourceQuality "1"]

1. d4 d5 2. c4 c6 3. Nf3 Nf6 4. Nc3 e6 5. Bg5 h6 6. Bxf6 Qxf6 7. e3 Nd7 8. Bd3
dxc4 (8... g6 9. O-O Bg7 10. e4 dxc4 11. e5 Qe7 12. Bxc4 O-O 13. Qe2 $14 {
Kamsky,G-Kramnik,V/Luzern/1993/1:0/36/}) (8... Qd8 9. O-O Be7 10. a3 O-O 11.
Qc2 a6 12. b4 f5 13. c5 $14 {Kramnik,V-Illescas Cordoba,M/Alcobendas(m/4)/1:0 
(37) Inf 59/459/}) 9. Bxc4 Bd6 10. O-O Qe7 11. e4 (11. Ne4 Bc7 12. Rc1 O-O 13.
Qc2 Rd8 14. Rfd1 a5 15. Bb3 Nf8 16. a3 Bd7 17. Nc5 $14 {Yusupov,A-Gurevich,M/
Munchen/1993/1:0/98/}) 11... e5 12. d5 Nb6 13. Bb3 (13. dxc6 $5 bxc6 14. Bb3
Bg4 $1 15. h3 Bh5 16. g4 Bg6 17. Nh4 Rd8 18. Nf5 Bxf5 19. exf5 h5 $13 {Smirin,
I-Novikov,I/URS/1982/0:1/103/}) 13... O-O (13... cxd5 14. Nxd5 Nxd5 15. Ba4+
$16) 14. dxc6 bxc6 15. Nh4 Rd8 16. Qh5 Be6 17. Nf5 Qf6 18. Bxe6 Qxe6 19. Qh4 (
19. Rad1 Bc5 $6 (19... Bf8 $5) 20. Qh4 Rxd1 21. Rxd1 Kh7 22. h3 Re8 23. Rd3 Bf8
24. b3 g6 25. Rd6 $1 $16 {Vaganian,R-Dolmatov,S/Erevan(zt)/1982/}) 19... Bf8 $1
20. Rad1 Qe8 $1 $10 21. Nb1 $5 Kh7 (21... Nc4 $5 22. b3 Nb2 23. Rd2 Rxd2 24.
Nxd2 Qd8 $10) (21... Na4 $5 22. b3 Nc5 {/\Ne6-d4/}) 22. Nd2 g6 23. Ne3 Qe6 24.
b3 h5 $6 (24... Be7 $5 25. Qg3 (25. Qg4 Qxg4 26. Nxg4 f6 $10) 25... Rd4 $10)
25. Nf3 Be7 26. Ng5+ Bxg5 27. Qxg5 Rd4 $6 (27... f6 $142 28. Qg3 Rd4 29. f4 $1
$16) 28. f4 $1 Rxd1 (28... Rxe4 29. f5 Qe8 30. fxg6+ fxg6 31. Rf6 $16) (28...
f6 29. Qxg6+ (29. f5 fxg5 30. fxe6 $16) 29... Kxg6 30. f5+ Qxf5 31. Nxf5 Rxe4
32. Rd6 $16) 29. Rxd1 exf4 30. Qxf4 Qe7 31. Rf1 Rf8 32. g4 $1 Qc5 (32... hxg4
33. Nxg4 Nd7 34. e5 $1 $18) 33. b4 $1 Qxb4 (33... Qb5 34. Qd6 Kg8 35. Nf5 $1
Nc4 36. Qf6 Qe5 37. Ne7+ Kh7 38. Nxg6 $1 Qxf6 39. Nxf8+ Kg7 40. Rxf6 Kxf6 41.
gxh5 $18) 34. gxh5 Nd7 35. Rd1 $1 $18 Qe7 36. hxg6+ Kg8 (36... fxg6 37. Rxd7 $1
) 37. Qh6 $1 (37. Qh6 fxg6 38. Qxg6+ Kh8 39. Qh5+ Kg7 40. Qg4+ Kh8 41. Rxd7 $18
) 1-0

[Event "Biel-16 GM"]
[Site "Biel"]
[Date "1983.07.28"]
[Round "10"]
[White "Nemet, Ivan"]
[Black "Campora, Daniel Hugo"]
[Result "1-0"]
[WhiteElo "2395"]
[BlackElo "2480"]
[Annotator "Belov,I"]
[PlyCount "77"]
[EventDate "1983.07.17"]
[EventType "tourn"]
[EventRounds "11"]
[EventCountry "SUI"]
[EventCategory "10"]
[SourceTitle "MCL"]
[Source "ChessBase"]
[SourceDate "1999.07.01"]
[SourceVersion "1"]
[SourceVersionDate "1999.07.01"]
[SourceQuality "1"]

1. d4 Nf6 2. c4 e6 3. Nf3 d5 4. Nc3 c6 5. Bg5 h6 6. Bxf6 Qxf6 7. e3 Qd8 8. Bd3
Nd7 9. O-O Be7 10. Qe2 (10. a3 O-O 11. Rc1 (11. Qc2 a6 12. b4 f5 13. c5 Bf6 14.
a4 g5 15. b5 a5 $13 {Kramnik,V-Illescas (04)/Alcobendas m/1993/1:0/37/}) 11...
a6 12. e4 dxc4 13. Bxc4 b5 14. Ba2 c5 $1 $10 {Kramnik,V-Illescas (02)/
Alcobendas m/1993/1:0/48/}) 10... O-O 11. Rfd1 (11. e4 dxc4 12. Bxc4 b5 13. Bd3
b4 14. Na4 Qa5 15. b3 Bb7 $10 {Ree,H-Sveshnikov,E/Wijk/1981/}) (11. Rac1 a6 12.
Rfd1 f5 13. Qc2 Bd6 14. Qb1 Qe7 $10 {Cvitan,O-Nikolic,P/JUG ch/1982/}) 11... f5
(11... a6 12. Rac1 f5 13. Qc2 Bd6 14. Ne2 Nf6 15. cxd5 cxd5 $10 {Beliavsky,
A-Sveshnikov,E/Kislovodsk/1982/}) 12. Rac1 (12. Rab1 a6 13. b4 Bd6 14. a4 Nf6
15. Rdc1 Ne4 $13 {Torre,E-Ribli,Z (05)/Alicante m/1983/}) 12... Bd6 13. Qc2 Qf6
14. Ne2 g5 (14... e5 $142 15. dxe5 Nxe5 16. Nxe5 Bxe5 $10) 15. Qc3 Rf7 $6 (
15... e5 $5 16. dxe5 Nxe5 17. Nxe5 Bxe5 18. Qb3 dxc4 19. Bxc4+ Kh8 $13) 16. b4
a6 17. a4 g4 $6 (17... e5 $1 18. dxe5 Nxe5 19. Nxe5 Bxe5 20. Qb3 Be6 21. cxd5
Bxd5 22. Bc4 Bxc4 23. Qxc4 $14) 18. Ne1 h5 (18... e5 19. cxd5 cxd5 20. Qb3 $16)
19. b5 $16 dxc4 20. Bxc4 cxb5 21. axb5 a5 (21... axb5 22. Bxb5 Nf8 23. Nd3 $16)
22. Nd3 Nb6 $6 (22... Nf8 $142 23. Ne5 Rc7) 23. Ba2 Nd7 (23... Bd7 24. Ne5 Rg7
25. Nf4 $16) 24. Nef4 Nf8 25. Ne5 Rh7 (25... Rc7 26. Qxc7 Bxc7 27. Rxc7 $18)
26. Qxc8 $1 Rxc8 27. Rxc8 Rc7 28. Re8 $1 Kh7 (28... Re7 29. Bxe6+ Kh7 30. Nd5
$18) 29. b6 Rc2 (29... Re7 $142 30. Rd8 Bb4 31. Rc1 $16) 30. Bxe6 Nxe6 31. Rxe6
Qd8 32. Nf7 $18 Qc8 33. Ng5+ $1 (33. Nxd6 Rc1 $1 $132) 33... Kg8 34. Rg6+ Kf8 (
34... Kh8 35. Nxh5 Rc1 36. Nf7+ Kh7 37. Rg7#) 35. Nfe6+ Ke7 36. Rg7+ Kf6 37. e4
$5 fxe4 38. d5 Qc4 $2 (38... Ke5 $8) 39. Nh7+ (39. Nh7+ Ke5 40. Rg5#) 1-0

[Event "World Cup"]
[Site "Barcelona"]
[Date "1989.03.??"]
[Round "2"]
[White "Beliavsky, Alexander G"]
[Black "Ljubojevic, Ljubomir"]
[Result "0-1"]
[WhiteElo "2640"]
[BlackElo "2580"]
[Annotator "Bulletin"]
[PlyCount "121"]
[EventDate "1989.03.??"]
[EventType "tourn"]
[EventRounds "17"]
[EventCountry "ESP"]
[EventCategory "15"]
[SourceTitle "CBM 012"]
[Source "ChessBase"]
[SourceDate "1989.10.01"]
[SourceVersion "1"]
[SourceVersionDate "1989.10.01"]
[SourceQuality "1"]

1. d4 d5 2. c4 c6 3. Nc3 Nf6 4. Nf3 e6 5. Bg5 h6 6. Bxf6 Qxf6 7. e3 Nd7 8. Bd3
Bd6 9. O-O Qe7 10. e4 dxc4 11. Bxc4 e5 12. d5 O-O 13. dxc6 bxc6 14. Nh4 Nb6 15.
Bb3 Qf6 {Bulletin: 'N'} 16. g3 {'?!' Bulletin.} g6 17. Rc1 Bh3 {Bulletin: '17..
.Ba6'} 18. Re1 Kg7 19. Qe2 Rad8 20. Na4 Bb4 21. Red1 Rxd1+ 22. Rxd1 Nxa4 23.
Bxa4 Rb8 {'=/+!' Bulletin.} 24. Rc1 Rb6 {'!' Bulletin.} 25. Ng2 Qd6 26. Qc2 {
'!' Bulletin.} (26. Ne3 Qd2 $1 27. Rc2 Qxe2 28. Rxe2 Bc5 $1 29. Nc4 Ra6 30. Bb3
Bd4 $17 {/\ ...c6-c5}) 26... Qd4 {'!' Bulletin.} 27. Rd1 Qc5 28. Qe2 Qe7 29.
Ne3 Bc5 30. Nc4 Rb4 31. b3 Qe6 32. Kh1 {'?' Bulletin.} Bd4 {'?!' Bulletin.} (
32... Rxa4 $1 33. bxa4 Bg4 34. f3 Qxc4 $1 $19) 33. f3 h5 34. Rc1 c5 35. Na3 a6
36. Nc2 Rb6 37. Nxd4 cxd4 38. Kg1 Qe7 39. Bc6 Be6 40. Qc2 Qg5 41. f4 (41. Re1
d3 42. Qc5 d2 43. Rd1 Rxc6 44. Qxc6 Qe3+ $19) 41... exf4 42. Qd2 d3 {'!'
Bulletin.} 43. Rc3 Qe5 44. Qxd3 fxg3 45. hxg3 Rb4 46. Qe3 Rd4 47. Rc1 g5 48.
Rf1 Rd6 {'!' Bulletin.} 49. Bb7 a5 50. Rc1 Kg6 51. Rf1 Rd8 52. Ba6 Qd4 53. Qxd4
Rxd4 54. Rf2 a4 {'!' Bulletin.} 55. Rf3 Rd1+ 56. Bf1 axb3 57. axb3 Rb1 58. Kf2
Rb2+ 59. Be2 Bxb3 60. Ke3 Be6 61. Bd3 0-1

[Event "ROM-chT"]
[Site "Baile Tusnad"]
[Date "1997.??.??"]
[Round "?"]
[White "Litinskaya, Marta I"]
[Black "Cosma, Elena Luminita"]
[Result "1-0"]
[WhiteElo "2335"]
[BlackElo "2360"]
[Annotator "Bulletin"]
[PlyCount "77"]
[EventDate "1997.??.??"]
[EventType "team"]
[EventRounds "5"]
[EventCountry "ROU"]
[SourceTitle "EXT 1999"]
[Source "ChessBase"]
[SourceDate "1998.11.16"]
[SourceVersion "1"]
[SourceVersionDate "1998.11.16"]
[SourceQuality "1"]

1. d4 d5 2. c4 e6 3. Nc3 c6 4. Nf3 Nf6 5. Bg5 h6 6. Bxf6 Qxf6 7. e3 Nd7 8. Bd3
Qd8 9. O-O Be7 10. e4 dxe4 11. Nxe4 c5 12. dxc5 Nxc5 13. Nxc5 Bxc5 14. b4 Be7
15. Rb1 a5 16. a3 axb4 17. axb4 O-O 18. Qe2 Bf6 19. Qe4 g6 20. Rfd1 Bg7 21. c5
Qf6 22. h4 e5 23. h5 Bf5 24. Qxb7 Bxd3 25. Rxd3 Qf5 26. Rbd1 e4 27. Nd4 Qf4 28.
Ne2 Qg4 29. Re3 Rfe8 30. hxg6 fxg6 31. b5 Rab8 32. Qd5+ Kh8 33. b6 Re5 34. Qd6
Rbe8 35. c6 Rg5 36. g3 Rh5 37. Nf4 Rf5 38. Qxg6 $4 Rxf4 (38... Qxd1+) 39. Qxe8+
1-0

[Event "World Cup"]
[Site "Skelleftea"]
[Date "1989.08.??"]
[Round "9"]
[White "Seirawan, Yasser"]
[Black "Huebner, Robert"]
[Result "1-0"]
[WhiteElo "2585"]
[BlackElo "2605"]
[Annotator "Bulletin"]
[PlyCount "87"]
[EventDate "1989.08.??"]
[EventType "tourn"]
[EventRounds "15"]
[EventCountry "SWE"]
[EventCategory "16"]
[SourceTitle "CBM 014"]
[Source "ChessBase"]
[SourceDate "1990.02.01"]
[SourceVersion "1"]
[SourceVersionDate "1990.02.01"]
[SourceQuality "1"]

1. d4 Nf6 2. c4 e6 3. Nf3 d5 4. Nc3 dxc4 5. Qa4+ c6 6. Qxc4 b5 7. Qd3 Bb7 8. g3
a6 9. Bg2 c5 10. O-O Nc6 (10... Nbd7 $5) 11. Rd1 Qb6 12. Be3 Rd8 13. dxc5 Bxc5
14. Bxc5 Qxc5 15. Ne4 {'!' Bulletin.} Nxe4 (15... Qe7 $5 16. Nd6+ Kf8 $13) 16.
Qxe4 Rxd1+ {'?!' Bulletin. Bulletin: '16...0-0'} 17. Rxd1 O-O 18. Ne1 {'!'
Bulletin.} Na5 19. Qd4 Qc7 20. Qd7 {'+/-' Bulletin.} Qb8 21. Bxb7 Qxb7 22. Qxb7
Nxb7 23. Rd7 Nc5 24. Rc7 Na4 25. Nd3 Rb8 26. Ra7 e5 27. Nxe5 Nxb2 28. Nxf7 Nc4
29. Ng5 a5 30. Ne6 Re8 31. Nd4 b4 32. e3 Re5 33. Kg2 g6 34. g4 h5 35. h3 hxg4
36. hxg4 Rc5 37. Kg3 Nd2 38. Nb3 Nxb3 39. axb3 Rc3 40. Rxa5 Rxb3 41. Kf4 Rb2
42. f3 b3 43. Rb5 Kf7 44. Kg5 1-0

[Event "EU-chT (Men) 10th"]
[Site "Debrecen"]
[Date "1992.11.??"]
[Round "5.2"]
[White "Chernin, Alexander"]
[Black "Kuczynski, Robert"]
[Result "1/2-1/2"]
[WhiteElo "2620"]
[BlackElo "2500"]
[Annotator "Bulletin"]
[PlyCount "127"]
[EventDate "1992.11.20"]
[EventType "team-swiss"]
[EventRounds "9"]
[EventCountry "HUN"]
[SourceTitle "EU-chT"]
[Source "ChessBase"]
[SourceDate "1999.07.01"]
[SourceVersion "2"]
[SourceVersionDate "1999.07.01"]
[SourceQuality "1"]
[WhiteTeam "Hungary"]
[BlackTeam "Poland"]
[WhiteTeamCountry "HUN"]
[BlackTeamCountry "POL"]

1. d4 d5 2. c4 c6 3. Nf3 Nf6 4. Nc3 e6 5. Bg5 h6 6. Bxf6 Qxf6 7. e3 Nd7 8. Bd3
dxc4 9. Bxc4 g6 (9... Qd8) 10. O-O Bg7 11. Qc2 O-O 12. Bb3 Qe7 (12... e5 13.
Nxe5 Nxe5 14. dxe5 Qxe5 15. Qxg6 $18) (12... Kh8 13. Rad1 e5 14. d5 $14) 13.
Rad1 b6 14. e4 Bb7 (14... Ba6 $5 15. Rfe1 c5 16. d5 c4 17. d6 Qd8 (17... cxb3
18. dxe7 bxc2 19. exf8=Q+ $16) 18. Qe2 $1 $14) 15. Rfe1 Rfd8 16. e5 $5 Nf8 17.
Qe2 c5 (17... Rd7 $5 18. Ne4 c5 19. dxc5 bxc5 $13) 18. d5 exd5 19. Nxd5 Bxd5
20. Bxd5 Rac8 21. Qc4 Re8 (21... Rd7 $2 22. e6 fxe6 23. Rxe6 $18) (21... Ne6)
22. h4 $6 (22. g3 $142 $1 Ne6 23. Nh4 Kh7 24. f4 $16 Red8 $6 25. Nxg6 $1 $40)
22... Ne6 23. g3 Nc7 24. Bc6 Red8 25. Qa4 a6 26. Bd7 b5 27. Qg4 Rb8 28. e6 $6
Nxe6 (28... fxe6 29. Bxe6+ Nxe6 30. Rxd8+ Rxd8 31. Rxe6 $16) 29. Bxe6 Rxd1 30.
Bxf7+ Qxf7 31. Rxd1 Qf5 (31... Bxb2 32. Rd6 $44) (31... Rf8 $5) 32. Qxf5 gxf5
33. Rd5 c4 34. Ne5 Rc8 35. Kf1 b4 36. Ke2 c3 37. bxc3 Rxc3 (37... bxc3 38. Kd1)
38. Nd3 Rc2+ 39. Kf3 (39. Kf1 $5) 39... Rxa2 40. Nxb4 Ra3+ 41. Ke2 a5 42. Nc6
a4 (42... f4 43. gxf4 (43. Rxa5 f3+ 44. Kd1 Rd3+ 45. Kc2 Rc3+ $17) (43. Nxa5
fxg3 $10) 43... a4 $10) 43. Ne7+ Kf7 44. Nxf5 Bf8 45. Ra5 Ra2+ 46. Kf3 a3 47.
h5 Rb2 48. Nxh6+ Bxh6 49. Rxa3 Bf8 50. Ra7+ Kg8 51. Rc7 Bg7 52. Rd7 Bc3 53. Rd1
Rd2 54. Rxd2 (54. Rf1 Bd4 55. g4 Kg7 56. g5 $14) 54... Bxd2 55. g4 Kf7 56. Ke4
Kg7 57. f4 Bc1 58. Ke5 Bd2 59. Kf5 Bc1 60. Ke5 Bd2 61. f5 Bc3+ 62. Ke6 Kh6 63.
Kf7 Ba1 64. Ke6 1/2-1/2